02254nam a2200289 4500001000400000003000400004005001700008008004100025020001800066040000800084041001300092082001500105100002700120240003300147245009200180260003900272300001100311520149200322650002501814650001001839650001101849650002301860650001801883655001201901655001601913700003501929204OSt20250528074014.0250203b |||||||e |||| 00| 1 eng d a9788580576979 bpor hengapor a813bD652t aDoerr, Anthony d1973- aAll the lights we cannot see aToda luz que não podemos ver /cDoerr, Anthony ; Tradução de Maria Carmelita Dias aRio de JaneirobIntrínsecac2015 a528 p. am romance sobre autopreservação e generosidade em meio às atrocidades de uma guerra que jamais deve ser esquecida. Marie-Laure vive em Paris, perto do Museu de História Natural, onde seu pai é o chaveiro responsável por cuidar de milhares de fechaduras. Quando a menina fica cega, aos seis anos, o pai constrói uma maquete em miniatura do bairro onde moram para que ela seja capaz de memorizar os caminhos. Na ocupação nazista em Paris, pai e filha fogem para a cidade de Saint-Malo e levam consigo o que talvez seja o mais valioso tesouro do museu. Em uma região de minas na Alemanha, o órfão Werner cresce com a irmã mais nova, encantado pelo rádio que certo dia encontram em uma pilha de lixo. Com a prática, acaba se tornando especialista no aparelho, talento que lhe vale uma vaga em uma escola nazista e, logo depois, uma missão especial: descobrir a fonte das transmissões de rádio responsáveis pela chegada dos Aliados na Normandia. Cada vez mais consciente dos custos humanos de seu trabalho, o rapaz é enviado então para Saint-Malo, onde seu caminho cruza o de Marie-Laure, enquanto ambos tentam sobreviver à Segunda Guerra Mundial. Uma história arrebatadora contada de forma fascinante. Com incrível habilidade para combinar lirismo e uma observação atenta dos horrores da guerra, o premiado autor Anthony Doerr constrói, em Toda luz que não podemos ver, um tocante romance sobre o que há além do mundo visível. 0aLiteratura Americana 0aDrama 0aGuerra 0a2° Guerra Mundial 0aSuperação 0aRomance 0aFicção  aMaria Carmelita DiaseTradutor